<?xml version="1.0" encoding="UTF-8"?><?xml-stylesheet type="text/xsl" href="static/style.xsl"?><OAI-PMH xmlns="http://www.openarchives.org/OAI/2.0/" xmlns:xsi="http://www.w3.org/2001/XMLSchema-instance" xsi:schemaLocation="http://www.openarchives.org/OAI/2.0/ http://www.openarchives.org/OAI/2.0/OAI-PMH.xsd"><responseDate>2026-04-25T05:32:10Z</responseDate><request verb="GetRecord" identifier="oai:uvadoc.uva.es:10324/36048" metadataPrefix="marc">https://uvadoc.uva.es/oai/request</request><GetRecord><record><header><identifier>oai:uvadoc.uva.es:10324/36048</identifier><datestamp>2025-03-26T19:10:03Z</datestamp><setSpec>com_10324_1159</setSpec><setSpec>com_10324_931</setSpec><setSpec>com_10324_894</setSpec><setSpec>col_10324_1310</setSpec></header><metadata><record xmlns="http://www.loc.gov/MARC21/slim" xmlns:doc="http://www.lyncode.com/xoai" xmlns:xsi="http://www.w3.org/2001/XMLSchema-instance" xmlns:dcterms="http://purl.org/dc/terms/" xsi:schemaLocation="http://www.loc.gov/MARC21/slim http://www.loc.gov/standards/marcxml/schema/MARC21slim.xsd">
<leader>00925njm 22002777a 4500</leader>
<datafield tag="042" ind1=" " ind2=" ">
<subfield code="a">dc</subfield>
</datafield>
<datafield tag="720" ind1=" " ind2=" ">
<subfield code="a">Valdés, Haydée</subfield>
<subfield code="e">author</subfield>
</datafield>
<datafield tag="720" ind1=" " ind2=" ">
<subfield code="a">Molina Martín, Luis Miguel</subfield>
<subfield code="e">author</subfield>
</datafield>
<datafield tag="720" ind1=" " ind2=" ">
<subfield code="a">Alonso Martín, Julio Alfonso</subfield>
<subfield code="e">author</subfield>
</datafield>
<datafield tag="260" ind1=" " ind2=" ">
<subfield code="c">2019</subfield>
</datafield>
<datafield tag="520" ind1=" " ind2=" ">
<subfield code="a">The presence of water can strongly a ect the reactivity of gold catalysts. For this&#xd;
reason, ab initio density functional simulations have been performed to study&#xd;
the adsorption and dissociation of water on the anatase-TiO2(101) surface, both&#xd;
clean and in the presence of a supported model gold nanocluster, Au4. When&#xd;
adsorbed not too close to the cluster, water is adsorbed and dissociated with&#xd;
roughly the same binding energies and dissociation barriers as in the catalystfree&#xd;
surface. If the molecule adsorbs at the Au/TiO2 perimeter interface, making&#xd;
contact with gold, we  nd a slight stabilization of molecular water, whereas&#xd;
dissociated water becomes slightly less stable. The preferential mechanism for&#xd;
water dissociation is found to be a splitting of the H-OH bond at the TiO2&#xd;
surface, with the gold cluster playing a minor role. Calculations of the relative&#xd;
stability of various water-related species show that the gold catalyst favours&#xd;
accumulation of excess hydroxyls around its perimeter.</subfield>
</datafield>
<datafield tag="024" ind2=" " ind1="8">
<subfield code="a">Applied Surface Science, 2019, vol. 487, p. 244-252</subfield>
</datafield>
<datafield tag="024" ind2=" " ind1="8">
<subfield code="a">0169-4332</subfield>
</datafield>
<datafield tag="024" ind2=" " ind1="8">
<subfield code="a">http://uvadoc.uva.es/handle/10324/36048</subfield>
</datafield>
<datafield tag="024" ind2=" " ind1="8">
<subfield code="a">10.1016/j.apsusc.2019.04.249</subfield>
</datafield>
<datafield tag="245" ind1="0" ind2="0">
<subfield code="a">Water adsorption and dissociation on gold catalysts supported on anatase-TiO2(101)</subfield>
</datafield>
</record></metadata></record></GetRecord></OAI-PMH>